[Event "Sinergia 02 email"]
[Site "Argentina"]
[Date "2000.05.08"]
[Round "6"]
[White "Phillip, Ray"]
[Black "Hartman, Sergio"]
[Result "0-1"]
[WhiteElo "1000"]
[BlackElo "1023"]
[PlyCount "36"]
[EventDate "2000.05.08"]
[EventType "tourn (corr)"]
[EventRounds "6"]
[EventCountry "ARG"]
[SourceTitle "Corr 2006"]
[Source "ChessBase"]
[SourceDate "2006.04.01"]
[SourceVersion "3"]
[SourceVersionDate "2006.04.01"]
[SourceQuality "1"]

1. e4 e6 2. c4 d5 3. cxd5 exd5 4. exd5 Ne7 5. Nf3 Nxd5 6. Nc3 Bb4 7. d4 Nxc3 8. Qb3 Qe7+ 9. Be3 Nd5+ 10. Nd2 Nxe3 11. Qxe3 Qxe3+ 12. fxe3 c5 13. 0-0-0 Nc6 14. dxc5 Bg4 15. Nf3 Bxc5 16. Rd3 Nb4 17. Ra3 Nd5 18. Bb5+ Ke7 0-1